| 000 | 00971nam a22002297a 4500 | ||
|---|---|---|---|
| 008 | 260122b |||||||| |||| 00| 0 eng d | ||
| 020 | _a9780195749618 | ||
| 040 |
_aMksU _beng _erda |
||
| 050 |
_aPR9387.9 .V58 _bF38 2021 |
||
| 100 | _aVitta, Paul B. | ||
| 245 |
_aFathers of nations / _cPaul B. Vitta. |
||
| 250 | _a School edition. | ||
| 260 |
_aNairobi : _bOxford University Press East Africa, _c2021 |
||
| 300 |
_avi, 185 pages ; _c18 cm |
||
| 500 | _aApproved by the Kenya Institute of Curriculum Development (KICD) for use as a Literature in English set book in secondary schools. | ||
| 521 | _aRecommended for secondary school students. | ||
| 526 | _aApproved by the Kenya Institute of Curriculum Development (KICD) for use as a Literature in English set book in secondary schools. | ||
| 650 | _aAfrican fiction. | ||
| 650 | _aa Satirical fiction. | ||
| 651 |
_aAfrica _vFiction. |
||
| 942 |
_2lcc _cAFRICANA _hPR9387.9 .V58F38 2021 |
||
| 999 |
_c32349 _d32349 |
||